1547 1761 1730 1914 1787 1348 1631 1515 1419 1958 1869 1577 1832 1216 1288 1322 1509 1667 1955 1275 1361 1912 1355 1528 1587 1070 1655 1734 1299 1498 1740 1422 1903 1487 1669 1598 1386 1021 1938 1515 1035 1981 1233 1176 1664 1120 1494 1652 1631 1254 1900 1329 1362 1026 1900 1824 1127 1625 1518 1893 1476 1585 1555 1367 1374 1485 1473 1560 1164 1134 1128 2000 1762 1616 1426 1462 1522 1874 1283 1262 1862 1933 1560 1170 1079 1788 1263 1463 1412 1306 1587 1741 1815 1185 1855 1756 1193 1051 1181 BCNSPRNW ULIB Ver.6.0+V

เปลี่ยนเป็นภาษาไทย

Change to English
 แสดงรายละเอียดบรรณานุกรม
  กลับหน้าหลัก

Brief Record : Get Marc (ISO 2709) : E-mail record : QR code < ปิดหน้าต่าง
LEADER : 00000nam 2200000uu 4500
001    13399114943
003     ULIB
008    120622s2552||||th 000 0 tha d
020    ^a9742938148
060 04 ^aWY159^bพ239ก ล.1 2552
100 0  ^aพรทิพย์ ศิริบูรณ์พัฒนา
245 00 ^aการพยาบาลเด็ก^nเล่ม 1 /^cพรทิพย์ ศิริบูรณ์พัฒนา,บรรณาธิการ
250    ^aพิมพ์ครั้งที่ 7
260    ^aนนทบุรี :^bโครงการสวัสดิการวิชาการ สถาบันพระบรมราชชนกกระทรวงสาธารณสุข,^c2552
300    ^a[9], 255 หน้า :^bภาพประกอบ ;^c26 ซม.
650  7 ^aการพยาบาลกุมารเวชศาสตร์
700 0  ^aพรทิพย์ ศิริบูรณ์พิพัฒนา,^eบรรณาธิการ
710 2  ^aสถาบันพระบรมราชชนก. ^bโครงการสวัสดิการวิชาการ
945    ^p180^l0^i16950
945    ^p180^l0^i19526
995    ^aกัณชพร
999    ^aใช้งานได้ทุกระบบ
รายการนี้ยังไม่มีแท็ก
คุณยังไม่ได้ล็อกอิน คุณสามารถมีกิจกรรมร่วมกับเว็บไซต์ได้ แต่ต้องล็อกอินก่อน ::
  ล็อกอิน

รายการสื่อสารสนเทศ

ลำดับที่ ประเภท เลขเรียก/บาร์โค้ด สถานที่ สถานะ
- ไม่พบข้อมูล -

รายการใกล้เคียง
    ผู้แต่ง [พรทิพย์ ศิริบูรณ์พัฒนา]

    หัวเรื่อง [การพยาบาลกุมารเวชศาสตร์]

BibComment


ยังไม่เคยถูกคอมเมนท์

คอมเมนท์ทรัพยากรรายการนี้
  คอมเมนท์: การพยาบาลเด็ก เล..


 Copyright 2026. Bcnsprnw @Library